Za krásami Slovenska / (Record no. 20103)
[ view plain ]
| 000 -LEADER | |
|---|---|
| fixed length control field | 00753nam a2200253 4500 |
| 001 - CONTROL NUMBER | |
| control field | 20103 |
| 003 - CONTROL NUMBER IDENTIFIER | |
| control field | CZ PrNK |
| 005 - DATE AND TIME OF LATEST TRANSACTION | |
| control field | 20260116131320.0 |
| 007 - PHYSICAL DESCRIPTION FIXED FIELD--GENERAL INFORMATION | |
| fixed length control field | tu |
| 008 - FIXED-LENGTH DATA ELEMENTS--GENERAL INFORMATION | |
| fixed length control field | 931012s1972 xo a 0|0 0 slo |
| 040 ## - CATALOGING SOURCE | |
| Original cataloging agency | ABA001 |
| Language of cataloging | cze |
| Modifying agency | ABA001 |
| 041 0# - LANGUAGE CODE | |
| Language code of text/sound track or separate title | slo |
| Language code of summary or abstract | mul |
| 080 ## - UNIVERSAL DECIMAL CLASSIFICATION NUMBER | |
| Universal Decimal Classification number | 908.437.6(084.1)=854 |
| Edition identifier | undef |
| 100 1# - MAIN ENTRY--PERSONAL NAME | |
| Personal name | Belický, Karol, |
| Dates associated with a name | 1937-2016 |
| Relationship | aut |
| 245 10 - TITLE STATEMENT | |
| Title | Za krásami Slovenska / |
| Statement of responsibility, etc. | Karol Belický |
| 250 ## - EDITION STATEMENT | |
| Edition statement | 1. vyd. |
| 260 ## - PUBLICATION, DISTRIBUTION, ETC. | |
| Place of publication, distribution, etc. | Bratislava : |
| Name of publisher, distributor, etc. | Práca, |
| Date of publication, distribution, etc. | 1972 |
| 300 ## - PHYSICAL DESCRIPTION | |
| Extent | 1 sv. (nestr.) : |
| Other physical details | obr. příl. ; |
| Dimensions | 4° |
| 490 1# - SERIES STATEMENT | |
| Series statement | Knižnica praktických príručiek Práce ; |
| Volume/sequential designation | Zv. 2/72 |
| 500 ## - GENERAL NOTE | |
| General note | Rus., nem., angl. a franc. souhrny |
| 830 #0 - SERIES ADDED ENTRY--UNIFORM TITLE | |
| Uniform title | Knižnica praktických príručiek Práce |
| 910 ## - USER-OPTION DATA (OCLC) | |
| User-option data | ABA001 |
| 942 ## - ADDED ENTRY ELEMENTS (KOHA) | |
| Source of classification or shelving scheme | Dewey Decimal Classification |
| Koha item type | Odborná literatúra pre dospelých |
| Suppress in OPAC | No |
| Stav vyradenia | Strata | Poškodenie | Spôsob nadobudnutia | Domovská knižnica | Aktuálna knižnica | Dátum nadobudnutia | Total checkouts | Čiarový kód exemplára | Date last seen | Typ exemplára |
|---|---|---|---|---|---|---|---|---|---|---|
| Dar | Obecná knižnica Horná Štubňa | Obecná knižnica Horná Štubňa | 16.01.2026 | 4736200089 | 16.01.2026 | Odborná literatúra pre dospelých |
